Crisis of governance : (Record no. 88395)

MARC details
000 -LEADER
fixed length control field 00622nam a22001937a 4500
005 - DATE AND TIME OF LATEST TRANSACTION
control field 20140909153919.0
010 ## - LCCN (DPL NO)
LC control number ENG-110773
020 ## - INTERNATIONAL STANDARD BOOK NUMBER
International Standard Book Number 9788183875592
Terms of availability 1195.00
035 ## - SYSTEM CONTROL NUMBER
System control number EN-94305
037 ## - SOURCE OF ACQUISITION
Source of stock number/acquisition DBAD/PUB
082 ## - DEWEY DECIMAL CLASSIFICATION NUMBER
Classification number 320.954
100 ## - MAIN ENTRY--PERSONAL NAME
Personal name Ramachandhra Reddy, G.
245 ## - TITLE STATEMENT
Title Crisis of governance :
Statement of responsibility, etc by G. Ramachandhra Reddy
Remainder of title macro and micro level /
260 ## - PUBLICATION, DISTRIBUTION, ETC. (IMPRINT)
Place of publication, distribution, etc New Delhi
Name of publisher, distributor, etc Serials Publications
Date of publication, distribution, etc 2012
270 ## - ADDRESS
Address 4830/24, Prahlad street, Ansari Road, Darya Ganj
City New Delhi
Postal code 110002
300 ## - PHYSICAL DESCRIPTION
Extent xxxviii,298p.
Dimensions 23cm(Hb)
500 ## - GENERAL NOTE
General note Includes index
942 ## - ADDED ENTRY ELEMENTS (KOHA)
Source of classification or shelving scheme Dewey Decimal Classification
Item type English Books
Classification part 320.954
Call number suffix RAM
Holdings
Withdrawn status Lost status Not for loan Collection code Home library Current library Date acquired Source of acquisition Cost, normal purchase price Full call number Barcode Copy number Cost, replacement price Koha item type
    Not For Loan Non-fiction D.B.Act.Division D.B.Act.Division 08/09/2014 DBAD/PUB 1195.00 320.954 RAM EN-94305 1 1195.00 English Books
      Non-fiction Shahdara Branch Shahdara Branch 10/05/2023   1195.00 320.954 RAM EN-120326 1   English Books

© Delhi Public Library
Hit Counter
free hit counter